| 000 | 00767nam a22002415a 4500 | ||
|---|---|---|---|
| 008 | 171218r20051994ii a frb 001 0 eng d | ||
| 020 | _a9788181283146 | ||
| 020 | _a8181283147 | ||
| 040 |
_aEG-ScBUE _beng _cEG-ScBUE _dEG-ScBUE |
||
| 082 | 0 | 4 |
_222 _a660.2842 _bWAN |
| 100 | 1 |
_934903 _aWankat, Phillip C., _d1944- |
|
| 245 | 1 | 0 |
_aRate-controlled separations / _cPhillip C. Wankat. |
| 250 | _aIndian reprint ed. | ||
| 250 | _aSpringer International ed. | ||
| 260 |
_aNew Delhi : _bSpringer, _c2005. |
||
| 300 |
_axvi, 873 p. : _bill. ; _c24 cm. |
||
| 500 | _aReprinted of 1994 ed. | ||
| 504 | _aIncludes bibliographical references and index. | ||
| 650 | 7 |
_2BUEsh _934904 _aSeparation (Technology) |
|
| 651 | _2BUEsh | ||
| 653 |
_bGGEN _cDecember2017 |
||
| 942 | _2ddc | ||
| 999 |
_c25735 _d25707 |
||